| 000 | 01551cam a2200361 4500 | ||
|---|---|---|---|
| 001 | L127410 | ||
| 002 | 7919 | ||
| 008 | 040915n2005 000 0 eng u | ||
| 020 | _a0415348471 | ||
| 022 | _a0305-4543 | ||
| 035 | _a(Sirsi) u127410 | ||
| 041 | _aeng | ||
| 050 |
_a692.5 _c18 |
||
| 245 | _aSpon's mechanical and electrical services price book 2005 | ||
| 250 | _a36th ed. | ||
| 260 |
_aAbingdon _bSpon Press _c2005 |
||
| 300 |
_axvii, 602p. _c26cm. |
||
| 350 | _a114 | ||
| 520 | _aThe latest edition of this standard price book provides detailed pricing information across the full range of mechanical and electrical services, together with higher level costs for a wide range of systems and different building applications. Part one covers approximate estimating; part two provides material costs/measured work prices for mechanical and electrical installations; part three deals with rates of wages; and part four covers daywork. Tables and memoranda. | ||
| 520 | _aThere is a separate CD-Rom (L145081) for reference use in the Library. | ||
| 520 | _aSuperseded by thirty eighth edition (ISBN0415393876) | ||
| 650 | _aBUILT ENVIRONMENT-BUILDING COSTS | ||
| 650 | _aBUILDING PRICE BOOKS | ||
| 650 |
_aBlock management _96220 |
||
| 650 | _aELECTRICAL INSTALLATIONS | ||
| 650 | _aLABOUR COSTS | ||
| 650 | _aMECHANICAL AND ELECTRICAL SERVICES | ||
| 650 | _aSPONS PRICE BOOKS | ||
| 690 | _aBUILT ENVIRONMENT-BUILDING COSTS | ||
| 710 |
_aDavis Langdon _xEditor _94649 |
||
| 710 |
_aMott Green Wall _xEditor |
||
| 942 | _n0 | ||
| 999 |
_c103775 _d103775 |
||